00173nam a2200073Ia 4500082000800000245001400008100003600022008004100058 aBER 0aHartejag  a BERGH, Rene Pretoria, 1986 210817s9999 xx 000 0 und d